Vista normal
Vista MARC
Entrada Personal Name
Número de registros utilizados en: 2
001 - CONTROL NUMBER
- control field: 8855
003 - CONTROL NUMBER IDENTIFIER
- control field: DLC
005 - DATE AND TIME OF LATEST TRANSACTION
- control field: 20241003095206.0
008 - FIXED-LENGTH DATA ELEMENTS
- fixed length control field: 080108n| acannaabn |n aaa c
010 ## - LIBRARY OF CONGRESS CONTROL NUMBER
- LC control number: no2008052569
035 ## - SYSTEM CONTROL NUMBER
- System control number: (OCoLC)oca07727244
040 ## - CATALOGING SOURCE
- Original cataloging agency: MX-SlUA
- Language of cataloging: spa
- Transcribing agency: Mx-PuUPA
- Modifying agency: Mx-PuUPA
- Description conventions: rda
100 1# - HEADING--PERSONAL NAME
- Personal name: Prats, Guillem,
372 ## - FIELD OF ACTIVITY
- Field of activity: Microbiología
- Field of activity: Medicina
373 ## - ASSOCIATED GROUP
- Associated group: Sociedad Española de Microbiología
- Associated group: Société Française de Microbiologie
- Associated group: American Society for Microbiology
374 ## - OCCUPATION
- Occupation: Director
- Occupation: Catedrático
- Occupation: Autor
375 ## - GENDER
- Gender: Hombre
377 ## - ASSOCIATED LANGUAGE
- Language code: spa
670 ## - SOURCE DATA FOUND
- Source citation: Microbiología clínica, c2006:
- Information found: t.p. (Guillem Prats; catedrático de microbiología y parasitología)
670 ## - SOURCE DATA FOUND
- Source citation: Biblioteca del Congreso (Estados Unidos), 29 enero 2019 :
- Information found: catálogo electrónico :
- Uniform Resource Identifier: https://bit.ly/2FXyf8W
670 ## - SOURCE DATA FOUND
- Source citation: Editorial Medica Panamericana, Sitio web, 29 enero 2019 :
- Information found: Guillem Prats (Ex Director del Servicio de Microbiología. Hospital Vall d’Hebron. Barcelona. Catedrático Emèrito de Microbiología y Parasitología de la Facultad de Medicina de la Universidad Autónoma de Barcelona. Ha sido Presidente de la Sociedad Catalana de Enfermedades Infecciosas y Microbiología Clínica. Es Miembro de la Sociedad Española de Microbiología. Miembro de la Société Française de Microbiologie. Miembro de la American Society for Microbiology. Líneas de Investigación: Bacterias enteropatógenas y uropatógenas, Resistencia a los antimicrobianos) :
- Uniform Resource Identifier: https://bit.ly/2UrqJGm